Mafia Movies - Statistics

General Stats
  • This quiz has been taken 62 times
  • The average score is 10 of 16
Answer Stats
Picture Answer % Correct
Goodfellas
100%
The Godfather
100%
The Godfather Part II
97%
Scarface
93%
Casino
79%
The Godfather Part III
78%
The Departed
74%
Reservoir Dogs
72%
A Bronx Tale
64%
The Untouchables
53%
Donnie Brasco
52%
American Gangster
47%
Once Upon a Time in America
45%
On the Waterfront
28%
Mean Streets
26%
The Gang That Couldn't Shoot Straight
5%
No matching quizzes found
Score Distribution
Percent of People with Each Score
Percentile by Number Answered
Your Score History
You have not taken this quiz